000
00361nam a2200169Ia 4500
100
_a
Bond/Martin
650
_a
J2EE
942
_c
RB
366
_f
20
654
_a
J2EE
245
_a
SAMS Teach yourself J2EE in 21 days
260
_b
Pearson Education
_a
Mumbai
_c
2004
082
_a
005.133J/BON
_b
BON
300
_a
1002
546
_a
ENGLISH
999
_c
23901
_d
23901